LEADER 01018cam0-2200325---450- 001 990004372650403321 005 20110606152956.0 010 $a88-495-0419-5 035 $a000437265 035 $aFED01000437265 035 $a(Aleph)000437265FED01 035 $a000437265 100 $a19990604d2002----km-y0itay50------ba 101 0 $aita 102 $aIT 105 $aa-------001yy 200 1 $aStrategie politiche ed estetica teatrale da Elisabetta I a Giacomo I$fAnna Maria Cataldi Palombi 210 $aNapoli$cEdizioni scientifiche italiane$d2002 215 $a240 p.$cill.$d21 cm 225 1 $aLetterature straniere$v9 610 0 $aTeatro$aInghilterra$aSec. 16.-17. 676 $a792.0942 700 1$aPalombi Cataldi,$bAnna Maria$0168247 801 0$aIT$bUNINA$gRICA$2UNIMARC 901 $aBK 912 $a990004372650403321 952 $a792.094 PAL 1$b11615 DFM$fFLFBC 959 $aFLFBC 996 $aStrategie politiche ed estetica teatrale da Elisabetta I a Giacomo I$9540748 997 $aUNINA LEADER 01082nam0-22003131i-450- 001 990004642780403321 005 20111214150557.0 035 $a000464278 035 $aFED01000464278 035 $a(Aleph)000464278FED01 035 $a000464278 100 $a19990604d1995----km-y0itay50------ba 101 2 $aita 105 $aa-------00--- 200 1 $a<>antichità giudaiche$fdi Giuseppe Flavio$gtradotte dal greco ed illustrate con note dall'abate Francesco Angiolini 210 $aCosenza$cBrenner$d©1995 215 $a2 v.$cill.$d25 cm 325 $aRistampa anastatica dell'ed.: Firenze, 1840. 500 10$aAntiquitates judaicae$m$919883 700 1$aJosephus,$bFlavius$f<37/38- 2. saec in.>$0164253 702 1$aAngiolini,$bFrancesco 801 0$aIT$bUNINA$gRICA$2UNIMARC 901 $aBK 912 $a990004642780403321 952 $aP2B-610-JOS.FL.-401B(1)-1995$bBibl. 19443$fFLFBC$m10-6598 952 $aP2B-610-JOS.FL.-401B(2)-1995$bBibl. 19443$fFLFBC$m10-6599 959 $aFLFBC 996 $aAntiquitates Judaicae$919883 997 $aUNINA